000 00514nam a2200193Ia 4500
008 151119s9999||||xx |||||||||||||| ||und||
082 _a915
082 _bGKKV15358
100 _a"प्रभू, मीना"
245 _aदक्षिणरंग
260 _a--
260 _b--
260 _c1999
600 _a"प्रभू, मीना"
630 _aदक्षिणरंग
700 _a"प्रभू, मीना"
730 _aदक्षिणरंग
942 _cBOOK
999 _c1068759
_d1068756